000 00720nam a2200241Ia 4500
003 OSt
005 20220926012345.0
006 a|||||r|||| 00| 0
007 ta
008 220923b |||||||| |||| 00| 0 eng d
037 _cGeneral Book
040 _aRTL
_cRTL
_beng
041 _2eng
_aeng
082 _aU211, L2
110 _aNational Research Council, Geological Sciences (Committee on-)
_9316270
245 0 _aEarth and human affairs
260 _aNew York
_bCanfield Press U S A
_c1972
300 _a140p.
_ccm.
650 _aGeomorphology
700 _aNational Research Council, Geological Sciences (Committee on-)
_9316271
942 _hU211, L2
_cGB
_2CC
999 _c622665
_d622665